000 00792nam a2200253Ia 4500
003 OSt
005 20220928120651.0
006 a|||||r|||| 00| 0
007 ta
008 220927b |||||||| |||| 00| 0 eng d
020 _cUKP 24.99
024 _a142699
037 _b247, 09/03/2020, Classic Book Service
_cTextual
040 _aSDCL
_cSDCL
_beng
041 _2eng
_aeng
082 _aR3, R0
100 _aCowan Steven B. Ed.
_9450547
245 0 _aProblems in epistemology and metaphysics
_b An introduction to contemporary debates
260 _aNew York
_b Bloomsbury Academic
_c2020
300 _axii,396p.
_ccm.
650 _aPhilosophy
942 _hR3, R0
_cTEXL
_2CC
999 _c764753
_d764753